|
|
|
|
| LEADER |
01719nam a22004451i 4500 |
| 001 |
EBC1517405 |
| 003 |
MiAaPQ |
| 005 |
20200520144314.0 |
| 006 |
m o d | |
| 007 |
cr cnu|||||||| |
| 008 |
131107t20142014cau ob 001 0 eng d |
| 020 |
|
|
|z 9781118763735
|
| 020 |
|
|
|a 9781118763827
|q (electronic bk.)
|
| 035 |
|
|
|a (MiAaPQ)EBC1517405
|
| 035 |
|
|
|a (Au-PeEL)EBL1517405
|
| 035 |
|
|
|a (CaPaEBR)ebr10793748
|
| 035 |
|
|
|a (CaONFJC)MIL540326
|
| 035 |
|
|
|a (OCoLC)862050592
|
| 040 |
|
|
|a MiAaPQ
|b eng
|e rda
|e pn
|c MiAaPQ
|d MiAaPQ
|
| 050 |
|
4 |
|a HD58.8
|b .C37 2014
|
| 082 |
0 |
|
|a 658.4
|2 23
|
| 100 |
1 |
|
|a Capelle, Ronald G.
|
| 245 |
1 |
0 |
|a Optimizing organization design :
|b a proven approach to enhance financial performance, customer satisfaction and employee engagement /
|c Ronald G. Capelle.
|
| 264 |
|
1 |
|a San Francisco :
|b Jossey Bass,
|c [2014]
|
| 264 |
|
4 |
|c 2014
|
| 300 |
|
|
|a 1 online resource (493 pages)
|
| 336 |
|
|
|a text
|2 rdacontent
|
| 337 |
|
|
|a computer
|2 rdamedia
|
| 338 |
|
|
|a online resource
|2 rdacarrier
|
| 504 |
|
|
|a Includes bibliographical references and index.
|
| 588 |
|
|
|a Description based on online resource; title from PDF title page (ebrary, viewed November 29, 2013).
|
| 590 |
|
|
|a Electronic reproduction. Ann Arbor, MI : ProQuest, 2015. Available via World Wide Web. Access may be limited to ProQuest affiliated libraries.
|
| 650 |
|
0 |
|a Business enterprises
|x Finance.
|
| 650 |
|
0 |
|a Business planning.
|
| 650 |
|
0 |
|a Customer relations.
|
| 650 |
|
0 |
|a Employees
|x Attitudes.
|
| 650 |
|
0 |
|a Organizational change.
|
| 655 |
|
4 |
|a Electronic books.
|
| 797 |
2 |
|
|a ProQuest (Firm)
|
| 856 |
4 |
0 |
|u https://ebookcentral.proquest.com/lib/matrademy/detail.action?docID=1517405
|z Click to View
|